[Event "Belgrade Gligoric Trophy Gp-D"]
[Site "Belgrade"]
[Date "2023.02.06"]
[Round "1"]
[White "Markus, Robert"]
[Black "Maksimovic, Bojan"]
[Result "1-0"]
[WhiteElo "2613"]
[BlackElo "2486"]
[PlyCount "87"]
[EventDate "2023.02.06"]
[EventType "tourn (rapid)"]
[EventRounds "6"]
[EventCountry "SRB"]
[EventCategory "10"]
[SourceTitle "CBM 212 Extra"]
[Source "ChessBase"]
[SourceDate "2023.03.31"]
[SourceVersion "1"]
[SourceVersionDate "2023.03.31"]
[SourceQuality "1"]

1. d4 g6 2. e4 Nf6 3. Nd2 d6 4. Ngf3 Bg7 5. c3 0-0 6. Bc4 c5 7. d5 e6 8. dxe6 fxe6 9. e5 dxe5 10. Qe2 Nd5 11. Ne4 Nd7 12. 0-0 N7b6 13. Bb3 Qc7 14. a4 c4 15. Bc2 Bd7 16. g3 Rae8 17. a5 Nc8 18. Be3 Nxe3 19. Qxe3 Ne7 20. Nfd2 Nd5 21. Qxa7 Rc8 22. Ba4 Bh6 23. Bxd7 Qxd7 24. a6 Bxd2 25. Nxd2 Rf7 26. axb7 Qxb7 27. Qxb7 Rxb7 28. Ra2 Nf6 29. Re1 Rd7 30. Re2 Rd5 31. Ra6 Kf7 32. Ra7+ Rd7 33. Ra4 Rb8 34. Nxc4 Rd1+ 35. Kg2 e4 36. Ra7+ Kg8 37. Ra6 Re8 38. Nd6 Rb8 39. b4 Nd5 40. Nxe4 Rc1 41. Ra7 Rf8 42. Ng5 Nxc3 43. Rd2 h6 44. Rdd7 1-0

[Event "Bundesliga 2223"]
[Site "Germany"]
[Date "2023.02.05"]
[Round "6.5"]
[White "Pechac, Jergus"]
[Black "Markus, Robert"]
[Result "1/2-1/2"]
[WhiteElo "2633"]
[BlackElo "2615"]
[PlyCount "73"]
[EventDate "2022.10.21"]
[EventType "team-tourn"]
[EventRounds "15"]
[EventCountry "GER"]
[SourceTitle "CBM 212 Extra"]
[Source "ChessBase"]
[SourceDate "2023.03.31"]
[SourceVersion "1"]
[SourceVersionDate "2023.03.31"]
[SourceQuality "1"]
[WhiteTeam "Dresden TU"]
[BlackTeam "Kirchweyhe"]
[WhiteTeamCountry "GER"]
[BlackTeamCountry "GER"]

1. d4 Nf6 2. c4 e6 3. Nf3 Bb4+ 4. Nc3 b6 5. e3 Bb7 6. Bd3 0-0 7. 0-0 Bxc3 8. bxc3 Be4 9. Be2 c5 10. Nd2 Bg6 11. Ba3 Qc7 12. dxc5 bxc5 13. Bf3 Nc6 14. Bxc5 d6 15. Ba3 Rfd8 16. Be2 Ne5 17. f4 Ned7 18. Bf3 Rac8 19. e4 h5 20. Qe2 Nb6 21. Rad1 Rd7 22. Qe3 Nxc4 23. Nxc4 Qxc4 24. Bxd6 Bxe4 25. Be5 Bxf3 26. Qxf3 Rxd1 27. Rxd1 Ng4 28. Bd4 Qxa2 29. Qg3 Rb8 30. h3 Rb1 31. Qd3 Rxd1+ 32. Qxd1 Nh6 33. Qxh5 Nf5 34. Qg5 Nxd4 35. Qd8+ Kh7 36. Qh4+ Kg8 37. Qd8+ 1/2-1/2

[Event "Bundesliga 2223"]
[Site "Germany"]
[Date "2023.02.04"]
[Round "5.6"]
[White "Markus, Robert"]
[Black "Blohberger, Felix"]
[Result "0-1"]
[WhiteElo "2615"]
[BlackElo "2493"]
[PlyCount "154"]
[EventDate "2022.10.21"]
[EventType "team-tourn"]
[EventRounds "15"]
[EventCountry "GER"]
[SourceTitle "CBM 214 Extra"]
[Source "ChessBase"]
[SourceDate "2023.07.31"]
[SourceVersion "1"]
[SourceVersionDate "2023.07.31"]
[SourceQuality "1"]
[WhiteTeam "Kirchweyhe"]
[BlackTeam "Berlin SF"]
[WhiteTeamCountry "GER"]
[BlackTeamCountry "GER"]

1. d4 d5 2. c4 c6 3. Nf3 Nf6 4. Qb3 dxc4 5. Qxc4 Bf5 6. g3 e6 7. Bg2 Be7 8. 0-0 0-0 9. Qb3 Qb6 10. Nbd2 Nbd7 11. Nc4 Qa6 12. Bg5 Rfd8 13. Rfd1 Be4 14. Nfe5 Bxg2 15. Kxg2 h6 16. Bxf6 Bxf6 17. Ng4 Be7 18. a4 Nf6 19. Nge5 Rd5 20. Ne3 Rdd8 21. N3c4 Rd5 22. Qf3 Rad8 23. e3 c5 24. Rdc1 cxd4 25. e4 Rxe5 26. Nxe5 d3 27. Rc3 d2 28. Rd3 Rc8 29. Rd1 Qxa4 30. R3xd2 Qxe4 31. Qxe4 Nxe4 32. Rd7 Bf6 33. Nd3 Rc2 34. Re1 Nc5 35. Nxc5 Rxc5 36. Rxb7 Rc2 37. Rd1 Rxb2 38. Rxa7 Rb8 39. Rdd7 Rf8 40. Kf3 h5 41. Ke4 g6 42. Kd3 Be5 43. Ra5 Bf6 44. Kc4 Rc8+ 45. Kb5 Bc3 46. Raa7 Rf8 47. Rd3 Be5 48. Kc6 Rb8 49. Rf3 Rf8 50. Ra4 Rd8 51. Ra7 Rf8 52. h3 Bd4 53. Re7 Kg7 54. Kd7 Bc5 55. Re8 Rxe8 56. Kxe8 f5 57. Kd7 Kf6 58. Kc6 Ba7 59. h4 e5 60. Kd5 e4 61. Ra3 Bxf2 62. Kc4 e3 63. Kd3 Bxg3 64. Ra4 f4 65. Ke2 Kg7 66. Kf3 Kh6 67. Re4 Bxh4 68. Rxf4 Bf2 69. Rf6 h4 70. Re6 h3 71. Re8 Kg5 72. Rh8 Bh4 73. Re8 h2 74. Kg2 Kf4 75. Kxh2 Kf3 76. Kh3 Bg5 77. Ra8 e2 0-1